Countries that End in E - Statistics

General Stats
  • This quiz has been taken 58 times
    56 since last reset
  • The average score is 9 of 13
Answer Stats
Country % Correct
Suriname
88%
Belize
85%
France
81%
Chile
79%
Greece
79%
Zimbabwe
73%
Ukraine
69%
Singapore
60%
Cape Verde
56%
Sierra Leone
56%
Mozambique
50%
São Tomé and Príncipe
48%
Cote D'Ivoire
27%
No matching quizzes found
Score Distribution
Percent of People with Each Score
Percentile by Number Answered
Your Score History
You have not taken this quiz since the last reset